| 000 | 00553nam a2200205Ia 4500 | ||
|---|---|---|---|
| 005 | 20250505145744.0 | ||
| 008 | 008 250505s9999 xx 000 0 eng d | ||
| 037 | _aTextbook | ||
| 040 |
_aFML _beng _cFML |
||
| 041 |
_aeng _2eng |
||
| 084 |
_aNR44 R4 _qFML |
||
| 100 |
_aAlian, Danielas _9754350 |
||
| 245 | 0 | _aMusic Of North India Theory And Technique | |
| 260 |
_aGurugram , Haryana _bShubhi Pub. _c2024 |
||
| 300 | _a163p | ||
| 365 |
_aINR _b795 |
||
| 650 | _aMusic | ||
| 942 |
_cTB _hNR44 R4 |
||
| 999 |
_c1311778 _d1311778 |
||